[Event "GER-ch U25-A"]
[Site "Willingen"]
[Date "2017.06.09"]
[Round "8"]
[White "Taeschner, Simon"]
[Black "Thumm, Felix"]
[Result "1-0"]
[WhiteElo "1712"]
[BlackElo "1878"]
[PlyCount "67"]
[EventDate "2017.06.04"]
[EventType "swiss"]
[EventRounds "9"]
[EventCountry "GER"]
[SourceTitle "CBM 178 Extra"]
[Source "ChessBase"]
[SourceDate "2017.06.22"]
[SourceVersion "1"]
[SourceVersionDate "2017.06.22"]
[SourceQuality "1"]

1. c4 e5 2. g3 Nf6 3. Nc3 d5 4. cxd5 Nxd5 5. Bg2 Nb6 6. Nf3 Nc6 7. 0-0 Be7 8. d3 0-0 9. Bd2 Re8 10. Qc1 Bf8 11. Ne4 Nd4 12. Nxd4 exd4 13. Re1 Bg4 14. h3 Bxe2 15. Rxe2 f5 16. Bg5 Be7 17. Nc5 Bxg5 18. Rxe8+ Qxe8 19. Qxg5 Qe5 20. Nxb7 Re8 21. Rc1 Nd5 22. Nc5 h6 23. Qg6 Re7 24. Qc6 Nb6 25. a4 Qe2 26. b3 Qd2 27. Rf1 f4 28. gxf4 Qxf4 29. a5 Nc8 30. Qd5+ Rf7 31. Qd8+ Rf8 32. Qd5+ Rf7 33. Ne6 Qh4 34. Nd8 1-0

[Event "GER-ch U25-A"]
[Site "Willingen"]
[Date "2017.06.04"]
[Round "2"]
[White "Taeschner, Simon"]
[Black "Wuebker, Paul Luca"]
[Result "0-1"]
[WhiteElo "1712"]
[BlackElo "1909"]
[PlyCount "102"]
[EventDate "2017.06.04"]
[EventType "swiss"]
[EventRounds "9"]
[EventCountry "GER"]
[SourceTitle "CBM 178 Extra"]
[Source "ChessBase"]
[SourceDate "2017.06.22"]
[SourceVersion "1"]
[SourceVersionDate "2017.06.22"]
[SourceQuality "1"]

1. c4 e6 2. g3 Nf6 3. Bg2 d5 4. Nf3 Be7 5. 0-0 0-0 6. cxd5 exd5 7. d4 Bf5 8. Nc3 c6 9. Nh4 Be6 10. Re1 Nbd7 11. Qd3 Re8 12. Nf5 Bf8 13. f3 Nb6 14. b3 h6 15. Bb2 Qd7 16. e4 Bxf5 17. exf5 Red8 18. g4 Bd6 19. Ne2 Qc7 20. h4 Bb4 21. Bc3 Bxc3 22. Qxc3 Re8 23. Kf2 Re7 24. Ng3 Rxe1 25. Rxe1 Qf4 26. Bh3 Ne4+ 27. Nxe4 dxe4 28. Rxe4 Qh2+ 29. Bg2 Qxh4+ 30. Kf1 Nd5 31. Qe1 Qd8 32. Kg1 Nf6 33. Rf4 Qd6 34. Qd2 Rd8 35. Bf1 c5 36. d5 Qxd5 37. Qxd5 Rxd5 38. Ra4 a6 39. Rc4 a5 40. Rc2 b6 41. Bc4 Rd4 42. Kf2 Kf8 43. Re2 Ne8 44. Bb5 Nd6 45. Bc6 c4 46. bxc4 Rxc4 47. Bd7 b5 48. a3 Rc7 49. Be6 fxe6 50. fxe6 g6 51. Re1 Re7 0-1

[Event "GER-ch U25 op-A"]
[Site "Oberhof"]
[Date "2013.05.25"]
[Round "9"]
[White "Walther, Jochen"]
[Black "Taeschner, Simon"]
[Result "1-0"]
[WhiteElo "1700"]
[BlackElo "1504"]
[PlyCount "119"]
[EventDate "2013.05.19"]
[EventType "swiss"]
[EventRounds "9"]
[EventCountry "GER"]
[SourceTitle "CBM 154 Extra"]
[Source "ChessBase"]
[SourceDate "2013.06.25"]
[SourceVersion "2"]
[SourceVersionDate "2013.06.25"]
[SourceQuality "1"]

1. e4 c6 2. d4 d5 3. Nc3 dxe4 4. Nxe4 Bf5 5. Ng3 Bg6 6. Nf3 Nd7 7. Bd3 Bxd3 8. Qxd3 Ngf6 9. 0-0 e6 10. c4 Qc7 11. Re1 Be7 12. b3 0-0 13. Bb2 Rfd8 14. Rac1 Nb6 15. Qe2 Bb4 16. Red1 Be7 17. Rd3 c5 18. Rcd1 a5 19. d5 exd5 20. Nf5 Re8 21. cxd5 Bd6 22. Qc2 Ng4 23. Nxd6 Qxd6 24. h3 Nf6 25. Qc3 a4 26. Rc1 Nbxd5 27. Qxc5 Qxc5 28. Rxc5 Nb4 29. Rd4 a3 30. Bxa3 Nxa2 31. Bc1 Nxc1 32. Rxc1 Ra3 33. Rb4 Ra7 34. Nd4 Rb8 35. Nc6 Raa8 36. Nxb8 Rxb8 37. Rb5 Kf8 38. Rc7 b6 39. Re5 Ne8 40. Ra7 Nd6 41. Kf1 g6 42. Ke2 Kg7 43. Rd5 Nf5 44. Rdd7 Nh6 45. Rab7 Re8+ 46. Kd2 Re6 47. Kc3 Re2 48. Rd2 Re6 49. Kb4 Nf5 50. g4 Nh6 51. Kb5 Re5+ 52. Kxb6 Re6+ 53. Ka7 Kf6 54. b4 Kg5 55. b5 Kh4 56. Rd3 Rf6 57. Rb8 Rxf2 58. Rh8 Nxg4 59. Rxh7+ Kg5 60. Rd5+ 1-0

[Event "Landesliga Nord 1213 U20"]
[Site "Bayern"]
[Date "2013.01.19"]
[Round "5.4"]
[White "Taeschner, Simon"]
[Black "D'Addona, Patrick"]
[Result "1-0"]
[WhiteElo "1569"]
[BlackElo "1473"]
[PlyCount "96"]
[EventDate "2012.10.20"]
[EventType "team-tourn"]
[EventRounds "7"]
[EventCountry "GER"]
[SourceTitle "EXT 2020"]
[Source "ChessBase"]
[SourceDate "2019.10.17"]
[SourceVersion "1"]
[SourceVersionDate "2019.10.17"]
[SourceQuality "1"]
[WhiteTeam "Amberg Siemens U20"]
[BlackTeam "Koetz/Ichenhausen U20"]
[WhiteTeamCountry "GER"]
[BlackTeamCountry "GER"]

1. e4 e5 2. Nf3 Nc6 3. Bc4 Bc5 4. c3 Nf6 5. d3 0-0 6. b4 Bb6 7. a4 a6 8. 0-0 d6 9. Bg5 Bd7 10. Nbd2 h6 11. Bh4 g5 12. Bg3 Nh5 13. Nxe5 Nxg3 14. Nxc6 Bxc6 15. hxg3 Qf6 16. d4 Rae8 17. Qc2 Qg6 18. Bd3 Bd7 19. e5 f5 20. exf6 Qxf6 21. Nf3 c5 22. a5 Ba7 23. bxc5 dxc5 24. d5 Qd6 25. c4 Bg4 26. Be4 Re7 27. Ra3 Rfe8 28. Re3 Bb8 29. Bh7+ Kg7 30. Rxe7+ Rxe7 31. Bf5 Bh5 32. Qb2+ Qf6 33. Qxf6+ Kxf6 34. g4 Be8 35. Rd1 Bd6 36. Nd2 Re5 37. Ne4+ Ke7 38. Nxd6 Kxd6 39. Rb1 Re7 40. Rb6+ Ke5 41. Rxh6 Kd4 42. Re6 Rxe6 43. Bxe6 Kxc4 44. d6+ Kb5 45. d7 Bxd7 46. Bxd7+ Kxa5 47. f4 c4 48. fxg5 c3 1-0

[Event "Landesliga Nord 1213 U20"]
[Site "Bayern"]
[Date "2012.10.20"]
[Round "1.4"]
[White "Oberhofer, Marie"]
[Black "Taeschner, Simon"]
[Result "0-1"]
[WhiteElo "1558"]
[BlackElo "1569"]
[PlyCount "76"]
[EventDate "2012.10.20"]
[EventType "team-tourn"]
[EventRounds "7"]
[EventCountry "GER"]
[SourceTitle "EXT 2020"]
[Source "ChessBase"]
[SourceDate "2019.10.17"]
[SourceVersion "1"]
[SourceVersionDate "2019.10.17"]
[SourceQuality "1"]
[WhiteTeam "Bavaria Regensburg U20"]
[BlackTeam "Amberg Siemens U20"]
[WhiteTeamCountry "GER"]
[BlackTeamCountry "GER"]

1. e4 c6 2. d4 d5 3. Nc3 dxe4 4. Nxe4 Nf6 5. Ng3 g6 6. Nf3 Bg7 7. Bd3 0-0 8. 0-0 Re8 9. Re1 Nbd7 10. Bg5 Qb6 11. Rb1 Nd5 12. c3 N7f6 13. h3 Be6 14. Ne5 c5 15. Bc4 cxd4 16. cxd4 Rac8 17. Qd2 a6 18. b3 Qd6 19. Rbc1 Red8 20. Rcd1 Rc7 21. Bxd5 Qxd5 22. Qf4 Rdc8 23. Re2 Rc2 24. Rxc2 Rxc2 25. Rc1 Rxc1+ 26. Qxc1 Qxd4 27. Nf3 Qd7 28. Ne5 Qd5 29. Bf4 Ne4 30. Nxe4 Qxe4 31. Nf3 h5 32. Bg3 Bxh3 33. Qe1 Qxe1+ 34. Nxe1 Bf5 35. Kf1 Bb1 36. a3 Ba2 37. b4 Bb2 38. Nc2 Bb3 0-1

[Event "Landesliga U20 Nord 1112"]
[Site "Bayern"]
[Date "2012.03.10"]
[Round "6.4"]
[White "Tong, Kevin"]
[Black "Taeschner, Simon"]
[Result "1/2-1/2"]
[WhiteElo "1483"]
[BlackElo "1518"]
[PlyCount "36"]
[EventDate "2011.11.12"]
[EventType "team-tourn"]
[EventRounds "7"]
[EventCountry "GER"]
[SourceTitle "EXT 2022"]
[Source "ChessBase"]
[SourceDate "2021.10.06"]
[SourceVersion "1"]
[SourceVersionDate "2021.10.06"]
[SourceQuality "1"]
[WhiteTeam "Erlangen SC U20"]
[BlackTeam "Amberg SGS U20"]
[WhiteTeamCountry "GER"]
[BlackTeamCountry "GER"]

1. e4 c6 2. d4 d5 3. f3 Nf6 4. Nc3 g6 5. Be3 Bg7 6. Bd3 0-0 7. Nge2 Re8 8. e5 Nfd7 9. 0-0 Na6 10. Qd2 Nb4 11. f4 Nxd3 12. Qxd3 Nb6 13. b3 Bf5 14. Qd2 Qc8 15. Ng3 Bd7 16. Qd3 e6 17. a4 a5 18. Rf3 Rf8 1/2-1/2